| 000 | 03515nim a2200577 i 4500 | ||
|---|---|---|---|
| 001 | 197249 | ||
| 003 | ES-MaACL | ||
| 005 | 20250828062608.0 | ||
| 007 | ss lsnjlcipnne | ||
| 008 | 250424s1990 sp nnnn |||| 00| spa d | ||
| 040 |
_bspa _cES-MaACL |
||
| 245 | 0 | 0 |
_aJornadas sobre el aceite de oliva _h[Grabación sonora] : _bconferencias. |
| 260 |
_aMadrid : _bAteneo de Madrid, _c1990. |
||
| 300 |
_a8 casetes (ca. 480 min) : _bson. ; _c11 cm. |
||
| 490 | 1 | _3Actos culturales en el Ateneo de Madrid | |
| 505 | _aCintas 1, 2, 3 y 4 corresponden al día 3 de diciembre de 1990. Incluyen las conferencias: "El aceite de oliva y la comunidad internacional" por Fausto Luchetti, "Avances recientes de la extracción del aceite de oliva" por José Alba Mendoza, "El aceite de oliva, musa substancial" por Sebastián Bautista de la Torre, "El aceite de oliva en la preparación de los alimentos" por Gregorio Varela Mosquera y la mesa redonda titulada "Cocinar con aceite de oliva" con los participantes Lourdes March, Alicia Ríos, Luisa Martínez, Juan Antonio Salcedo y Francisco J. Sánchez Muniz. Cintas 5, 6, 7 y 8 corresponden al día 4 de diciembre de 1990. Incluyen las conferencias: "Aceite de oliva del Bajo Aragón ¿una nueva denominación de origen", "Generación y seguimiento de una denominación de origen: el caso Baena" por José J. Rodríguez Alcaide, "De lo social en torno al olivar, la aceituna y el aceite de oliva" por Emilio de la Cruz Aguilar, "Valor nutritivo y terapéutico del aceite de oliva" por F. José Mataix Verdu, "Fraudes comerciales del aceite de oliva: antecedentes y problemas que plantea" por Jaime Gracián Tous y "El aceite de oliva y la salud humana" por Francisco Grande Covián. | ||
| 518 | _aGrabado el 3 y 4 de diciembre de 1990 en el Salón de Actos del Ateneo de Madrid. | ||
| 520 | _aJornadas sobre el aceite de oliva. | ||
| 540 | _aDocumento inédito | ||
| 594 | _5Datos basados en la invitación. | ||
| 610 | 2 | 0 |
_aAteneo de Madrid- _xActos culturales- _y1990- _vGrabaciones sonoras _9240083 |
| 650 | 4 |
_99580 _aAceite de oliva |
|
| 653 | _aArchivo de la palabra | ||
| 655 | 0 |
_aConferencias _9234444 |
|
| 700 |
_9240414 _aLuchetti, Fausto _eora |
||
| 700 | 1 |
_9240415 _aAlba Mendoza, José _eora |
|
| 700 | 0 |
_9110759 _aTorre, Sebastián Bautista de la _eora |
|
| 700 | 0 |
_9113168 _aVarela Mosquera, Gregorio _eora |
|
| 700 | 1 |
_9240416 _aSánchez Muniz, Francisco José _eora |
|
| 700 |
_9240417 _aCastaño, Rogelio _eora |
||
| 700 | 1 |
_9240418 _aBonilla Polo, Ángel _eora |
|
| 700 | 1 |
_9240419 _aMurillo Ramos, Juan José _eora |
|
| 700 | 0 |
_998324 _aRodríguez Alcaide, José Javier _eora |
|
| 700 | 0 |
_941855 _aCruz y Aguilar, Emilio de la _eora |
|
| 700 |
_9240214 _aMataix Verdú, Francisco José _d1939- _eora |
||
| 700 |
_9240420 _aGracián Tous, Jaime _eora |
||
| 700 | 1 |
_959588 _aGrande Covián, Francisco, _d1909-1995 _eora |
|
| 710 | 2 |
_aAteneo de Madrid. _ehis _91972 _bSección de Ciencias |
|
| 830 | 0 |
_aActos culturales en el Ateneo de Madrid _9240237 |
|
| 852 |
_aES-MaACL _cDEPOZ _pCinta 1 _9205455 |
||
| 852 |
_aES-MaACL _cDEPOZ _pCinta 2 _9205456 |
||
| 852 |
_aES-MaACL _cDEPOZ _pCinta 3 _9205457 |
||
| 852 |
_aES-MaACL _cDEPOZ _pCinta 4 _9205458 |
||
| 852 |
_aES-MaACL _cDEPOZ _pCinta 5 _9205460 |
||
| 852 |
_aES-MaACL _cDEPOZ _pCinta 6 _9205461 |
||
| 852 |
_aES-MaACL _cDEPOZ _pCinta 7 _9205462 |
||
| 852 |
_aES-MaACL _cDEPOZ _pCinta 8 _9205463 |
||
| 942 |
_2udc _n0 _cCINTASAUD |
||
| 999 |
_c197249 _d197249 |
||